000 00636cam a2200217 4500
008 090401t1992 xxu||||| |||| 00| 0 eng d
020 _a1873160372
035 _a(Sirsi) u22448
041 _aeng
050 _a627.17
110 _aNational Rivers Authority
_92833
245 _aPolicy and practice for the protection of groundwater.
260 _aBristol
_bNational Rivers Authority
_c1992
300 _aiv,52p. : ill. ; 30cm.
350 _a15
520 _aFolded copy Groundwater Vulnerability map in pocket inside back cover.
650 _aGROUNDWATER PROTECTION
690 _aWATER
942 _n0
948 _c04/03/1997
999 _c88185
_d88185